Bottom 10 States by Railroad Route Miles - Statistics

General Stats
  • This quiz has been taken 28 times
  • The average score is 10 of 11
Answer Stats
Hint: Miles Answer % Correct
506 Alaska
96%
0 Hawaii
96%
354 New Hampshire
96%
58 Rhode Island
96%
578 Vermont
96%
1,077 Maine
92%
522 Connecticut
88%
243 Delaware
88%
769 Maryland
84%
1,057 Massachusetts
84%
952 New Jersey
76%
No matching quizzes found
Score Distribution
Percent of People with Each Score
Percentile by Number Answered
Your Score History
You have not taken this quiz